| 000 | 03298nam a22003017a 4500 | ||
|---|---|---|---|
| 003 | NALT | ||
| 005 | 20260209145351.0 | ||
| 008 | 251009b th ||||| |||| 00| 0 tha d | ||
| 040 | _aNALT | ||
| 086 | _aสว 10 7.3 170 2566 | ||
| 110 | 2 |
_aสำนักงานเลขาธิการวุฒิสภา. _bสำนักกรรมาธิการ 2 _92442 |
|
| 245 | 1 | 0 |
_aรายงานการพิจารณาศึกษา เรื่อง "ทำอย่างไรให้การประเมิน ITA น่าเชื่อถือ เป็นที่ยอมรับของเจ้าหน้าที่รัฐและประชาชน" ของ คณะกรรมาธิการกิจการองค์กรอิสระตามรัฐธรรมนูญ วุฒิสภา (เอกสารวิชาการฉบับที่ 80) / _cสำนักกรรมาธิการ 2 สำนักงานเลขาธิการวุฒิสภา. |
| 260 |
_aกรุงเทพฯ : _bสำนักงานเลขาธิการวุฒิสภา, _c2566. |
||
| 300 |
_a25 หน้า : _bภาพประกอบ, ตาราง ; _c29 ซม. |
||
| 505 | 2 | _a1. การดำเนินงาน -- 2. วิธีพิจารณาศึกษา -- 3. แนวคิดการศึกษา -- 3.1 วัตถุประสงค์ของการประเมิน ITA -- 3.2 ความสำคัญของการประเมิน ITA -- 3.3 พัฒนาการของการประเมิน ITA -- 3.4 ขอบเขตการดำเนินการประเมิน ITA -- 4. ผลการศึกษา -- 4.1 บทนำ -- 4.2 ผลการวิเคราะห์ -- 4.2.1 กรอบแนวคิดการศึกษา -- 4.2.2 ข้อขัดข้องของการประเมิน ITA -- 5. ข้อสังเกตและข้อเสนอแนะของคณะกรรมาธิการ. | |
| 610 | 2 | 4 |
_aคณะกรรมาธิการกิจการองค์กรอิสระตามรัฐธรรมนูญ วุฒิสภา _xรายงาน _943691 |
| 650 | 4 |
_aITA _xการประเมิน _957291 |
|
| 650 | 4 |
_aคุณธรรมและความโปร่งใสในการดำเนินงานของหน่วยงานภาครัฐ _xการประเมิน _957290 |
|
| 650 | 4 |
_aความโปร่งใส (จริยศาสตร์) ในภาครัฐ _967125 |
|
| 650 | 4 |
_aความดี _92298 |
|
| 710 | 2 |
_aคณะกรรมาธิการกิจการองค์กรอิสระตามรัฐธรรมนูญ วุฒิสภา. _947517 |
|
| 856 | 4 | 0 | _uhttps://prt.parliament.go.th/items/911a6ab6-4a9b-4ffd-9558-d95ecd9f02e2 |
| 942 |
_cPAR _2local |
||
| 996 |
_akanyakorn.i _bLIBSTF _c2025-10-09 |
||
| 996 |
_ajamriang.p _bCATSTF _c2025-12-11 |
||
| 999 |
_c107354 _d107354 |
||
| 998 |
_j1020 _k นางจำเรียง ระวังสำโรง |
||